| 000 | 00617nam a22002052 4500 | ||
|---|---|---|---|
| 001 | 0000024052 | ||
| 005 | 20151217152255.0 | ||
| 008 | 130507s xx 000 0 eng d | ||
| 020 | _a1901198863 : | ||
| 040 |
_aKABU _cKABU |
||
| 245 | 1 | 0 |
_aClinical skills for medical students : _ba hands-on guide / _cIan Bickle ... [et al.]. |
| 250 | _a1st ed. | ||
| 260 |
_aKnutsford, Cheshire : _bPas Test, _c2001. |
||
| 300 | _axiv, 145 p. | ||
| 650 | 0 |
_aDiagnosis. _@0000127084 |
|
| 710 | 2 |
_aBickle, Ian. _@0000183964 |
|
| 852 | 1 | _9p200 KES | |
| 908 | _a130507 | ||
| 950 | _@1 | ||
| 999 |
_c10154 _d10154 |
||